000 00458nam a22001457a 4500
082 _a004
100 _aShahzadi, Aisha
245 _aDevelopment of new Object Recoloring Technique /
_cAisha Shahzadi
260 _aIslamabad :
_bMCS - NUST,
_c2017.
300 _a57 p. ;
_c30cm.
650 _aComputer Software Engineering-MS-Thesis
_916105
700 _aDr. Abdul Ghafoor
_916207
942 _2ddc
_cTHE
999 _c541073
_d541073